| 000 | 00451nam a2200181Ia 4500 | ||
|---|---|---|---|
| 001 | 8787 | ||
| 005 | 20260306160635.0 | ||
| 008 | 260306t2017||||xx |||||||||||||| ||spa|| | ||
| 041 | _aESP | ||
| 082 |
_a371.334 _bM26 |
||
| 100 |
_aMarta-Lazo, Carmen _eAUT |
||
| 245 | 0 |
_aComunicación digital y educación: _bteoría y práctica |
|
| 260 | _c2017 | ||
| 300 |
_a191 páginas : _c23 cm. |
||
| 650 | _aGEN | ||
| 654 | _aCED | ||
| 942 |
_cLIB _dJUS _fJUS _2ddc _n |
||
| 999 |
_c8787 _d8787 |
||